书目信息 |
| 题名: |
信息安全概论
|
|
| 作者: | 洪帆 编著 | |
| 分册: | ||
| 出版信息: | 武汉 华中理工大学出版社 2005.09 |
|
| 页数: | 216页 | |
| 开本: | 26cm | |
| 丛书名: | ||
| 单 册: | ||
| 中图分类: | TP393.08 | |
| 科图分类: | ||
| 主题词: | 计算机应用 | |
| 电子资源: | ||
| ISBN: | 7-5609-3449-8 | |
| 000 | 00576nam0 2200193 450 | |
| 001 | 0840230667 | |
| 005 | 20080610170035.98 | |
| 010 | @a7-5609-3449-8@dCNY19.80 | |
| 100 | @a20080605d2005 km y0chiy0120 ea | |
| 101 | 0 | @achi |
| 102 | @aCN@b420000 | |
| 200 | 1 | @a信息安全概论@Axin xi an quan gai lun@f洪帆等编著@Fhong fan deng bian zhu |
| 210 | @a武汉@c华中理工大学出版社@d2005.09 | |
| 215 | @a216页@d26cm | |
| 606 | 0 | @a计算机应用 |
| 690 | @aTP393.08@v4 | |
| 701 | 0 | @a洪帆@Ahong fan@4编著 |
| 801 | 0 | @aCN@b大连网信软件有限公司图书馆·11@c20080610 |
| 905 | @aZUCC@dTP393.08@eH405 | |
| 信息安全概论/洪帆等编著.-武汉:华中理工大学出版社,2005.09 |
| 216页;26cm |
| ISBN 7-5609-3449-8:CNY19.80 |
| ● |
| 相关链接 |
|
|
|
正题名:信息安全概论
索取号:TP393.08/H405
 
预约/预借
| 序号 | 登录号 | 条形码 | 馆藏地/架位号 | 状态 | 备注 |
| 1 | 452330 | 204523300 | 自科库301/301自科库 121排2列6层/ [索取号:TP393.08/H405] | 在馆 |